The basics of New Testament syntax: (Record no. 19580)
[ view plain ]
| 000 -LEADER | |
|---|---|
| fixed length control field | 00610nam a22001697a 4500 |
| 008 - FIXED-LENGTH DATA ELEMENTS--GENERAL INFORMATION | |
| fixed length control field | 220928b |||||||| |||| 00| 0 eng d |
| 020 ## - INTERNATIONAL STANDARD BOOK NUMBER | |
| International Standard Book Number | 0310232295 |
| 050 ## - LIBRARY OF CONGRESS CALL NUMBER | |
| Classification number | PA851 |
| Item number | .W35 200 |
| 100 ## - MAIN ENTRY--PERSONAL NAME | |
| Personal name | Wallace, Daniel B. |
| 245 ## - TITLE STATEMENT | |
| Title | The basics of New Testament syntax: |
| Remainder of title | an imtermediate greek grammar: the abridgment of greek grammar beyond the basics/ |
| Statement of responsibility, etc. | Daniel B. Wallace |
| 260 ## - PUBLICATION, DISTRIBUTION, ETC. (IMPRINT) | |
| Place of publication, distribution, etc. | Grand Rapids, Michigan |
| Name of publisher, distributor, etc. | Zondervan Academic |
| Date of publication, distribution, etc. | 2000 |
| 300 ## - PHYSICAL DESCRIPTION | |
| Extent | 334p. |
| 650 ## - SUBJECT ADDED ENTRY--TOPICAL TERM | |
| Topical term or geographic name as entry element | Greek language, Biblical |
| Form subdivision | Syntax |
| 650 ## - SUBJECT ADDED ENTRY--TOPICAL TERM | |
| Topical term or geographic name as entry element | Greek language, Biblical |
| Form subdivision | Grammar |
| 650 ## - SUBJECT ADDED ENTRY--TOPICAL TERM | |
| Topical term or geographic name as entry element | Bible. N.T.-language |
| Form subdivision | Style |
| 942 ## - ADDED ENTRY ELEMENTS (KOHA) | |
| Source of classification or shelving scheme | Library of Congress Classification |
| Koha item type | General Collection |
| Withdrawn status | Lost status | Source of classification or shelving scheme | Not for loan | Home library | Current library | Date acquired | Cost, normal purchase price | Inventory number | Total Checkouts | Full call number | Barcode | Date last seen | Copy number | Price effective from | Koha item type |
|---|---|---|---|---|---|---|---|---|---|---|---|---|---|---|---|
| Library of Congress Classification | Kabarak, Main Campus | Kabarak, Main Campus | 28/09/2022 | 3600.00 | 0606/2022 | PA851 .W35 2000 C.1 | 032016 | 28/09/2022 | C.1 | 28/09/2022 | General Collection |